00826nam a2200241Ia 450000500170000000800410001702000180005805000240007610000240010024500550012425000120017926000340019130000190022544000370024450400620028150500270034350500210037065000330039165000240042494200120044895201070046099900170056720231102151228.0120630s2007 MX 000 0 SPA d a970-811-060-4 aC HF1002.5 A26 2007 aACOSTA ROCA, Felipe aGlosario de comercio exterior cFelipe Acosta Roca a1a ed.  aMéxico bEds. Fiscales ISEF a138 páginas  a(Glosario del Comercio Exterior) aPlan Flexible Glosario de comercio exterior 19 000279  aIncluye bibliografía aIncluye índice aComercio exterior-Glosarios. a vocabularios, etc. 2lcccLB 00102lcc4070a19b19d0000-00-00l0oHF1002 . 5 A26 2007 p19 000302r2013-09-06t1w2013-09-06yLB c78014d78014